|
|
|
|
| LEADER |
00000caa a22000002c 4500 |
| 001 |
1642395765 |
| 003 |
DE-627 |
| 005 |
20220616113717.0 |
| 007 |
tu |
| 008 |
160405s1997 xx ||||| 00| ||eng c |
| 035 |
|
|
|a (DE-627)1642395765
|
| 035 |
|
|
|a (DE-576)465452523
|
| 035 |
|
|
|a (DE-599)BSZ465452523
|
| 040 |
|
|
|a DE-627
|b ger
|c DE-627
|e rakwb
|
| 041 |
|
|
|a eng
|
| 084 |
|
|
|a 0
|2 ssgn
|
| 100 |
1 |
|
|0 (DE-588)172333539
|0 (DE-627)697241025
|0 (DE-576)133199479
|4 aut
|a Robbins, Thomas
|d 1943-2015
|
| 109 |
|
|
|a Robbins, Thomas 1943-2015
|
| 245 |
1 |
0 |
|a Religious movements and violence
|b a friendly critique of the interpretive approach
|
| 264 |
|
1 |
|c 1997
|
| 336 |
|
|
|a Text
|b txt
|2 rdacontent
|
| 337 |
|
|
|a ohne Hilfsmittel zu benutzen
|b n
|2 rdamedia
|
| 338 |
|
|
|a Band
|b nc
|2 rdacarrier
|
| 601 |
|
|
|a Interpretation
|
| 652 |
|
|
|a AZ
|
| 689 |
0 |
0 |
|d s
|0 (DE-588)4279419-5
|0 (DE-627)104374969
|0 (DE-576)210744189
|2 gnd
|a Neue Religion
|
| 689 |
0 |
1 |
|d s
|0 (DE-588)4020832-1
|0 (DE-627)10631663X
|0 (DE-576)208934979
|2 gnd
|a Gewalt
|
| 689 |
0 |
|
|5 (DE-627)
|
| 773 |
0 |
8 |
|i In
|t Nova religio
|d Berkeley, Calif. : Univ. of California Press, 1997
|g 1(1997), 1, Seite 13-29
|w (DE-627)245715053
|w (DE-600)1432356-4
|w (DE-576)066688779
|x 1092-6690
|7 nnas
|
| 773 |
1 |
8 |
|g volume:1
|g year:1997
|g number:1
|g pages:13-29
|
| 935 |
|
|
|a mteo
|
| 951 |
|
|
|a AR
|
| ELC |
|
|
|b 1
|
| ITA |
|
|
|a 1
|t 1
|
| LOK |
|
|
|0 000 xxxxxcx a22 zn 4500
|
| LOK |
|
|
|0 001 3306381160
|
| LOK |
|
|
|0 003 DE-627
|
| LOK |
|
|
|0 004 1642395765
|
| LOK |
|
|
|0 005 20160405130705
|
| LOK |
|
|
|0 008 160404||||||||||||||||ger|||||||
|
| LOK |
|
|
|0 040
|a DE-Tue135
|c DE-627
|d DE-Tue135
|
| LOK |
|
|
|0 092
|o n
|
| LOK |
|
|
|0 852
|a DE-Tue135
|
| LOK |
|
|
|0 852 1
|9 00
|
| LOK |
|
|
|0 935
|a ixzs
|a ixmi
|
| LOK |
|
|
|0 936ln
|0 1442043326
|a AZ
|
| LOK |
|
|
|0 939
|a 04-04-16
|b l01
|
| ORI |
|
|
|a SA-MARC-ixtheoa001.raw
|
| REL |
|
|
|a 1
|
| STA |
0 |
0 |
|a New religion,New religion,New religious movement,Violence,Violence,Violence in literature
|
| STB |
0 |
0 |
|a Nouvelles religions,Nouvelles religions,Violence,Violence
|
| STC |
0 |
0 |
|a Religión nueva,Religión nueva,Violencia,Violencia
|
| STD |
0 |
0 |
|a Nuove religioni,Nuove religioni,Violenza,Violenza
|
| STE |
0 |
0 |
|a 新宗教,暴力,暴力,武力,武力
|
| STF |
0 |
0 |
|a 新宗教,暴力,暴力,武力,武力
|
| STG |
0 |
0 |
|a Religião nova,Religião nova,Violência,Violência
|
| STH |
0 |
0 |
|a Власть,Власть,Сила,Сила (мотив),Новая религия (мотив),Новая религия
|
| STI |
0 |
0 |
|a Βία (μοτίβο),Βία,Νέα θρησκεία (μοτίβο),Νέα θρησκεία
|
| SUB |
|
|
|a REL
|
| SYG |
0 |
0 |
|a Neureligion,Neureligiöse Bewegung,Neue religiöse Bewegung,Neue Glaubensgemeinschaft
|